The Most Translated Countries on Wikipedia - Statistics

General Stats
  • This quiz has been taken 835 times
  • The average score is 25 of 30
Answer Stats
Languages Country % Correct
322 United States
100%
312 China
99%
305 United Kingdom
99%
300 Brazil
97%
311 France
97%
323 Russia
97%
303 India
96%
325 Japan
96%
318 Mexico
96%
304 Spain
96%
306 Canada
95%
307 Germany
95%
317 Italy
95%
314 Australia
93%
293 Argentina
90%
299 Egypt
89%
334 Turkey
87%
291 Greece
84%
307 Poland
84%
292 Colombia
80%
305 Norway
77%
302 Ukraine
76%
303 Chile
75%
298 Switzerland
74%
291 Denmark
71%
292 Austria
70%
320 Finland
68%
295 Vietnam
67%
291 Bulgaria
38%
308 Albania
24%
No matching quizzes found
Score Distribution
Percent of People with Each Score
Percentile by Number Answered
Your Score History
You have not taken this quiz